00643nam a2200217Ia 4500003000400000005001700004008004100021020001800062040001800080041000800098082002100106100002800127245010100155250001200256260003900268300002500307650002300332651002400355651002000379651002600399OSt20230927111539.0210716s2012 xx 000 0 und d a9789380601533 cAIMIT LIBRARY aeng a374.22 21bBANI aBanerjee- Dube, Ishita. aReligion law and power : btales of time in eastern India 1860-2000 /cBy Ishita Banerjii- Dude. a1st ed. aNew Delhi :bAnthem Press ,c2012. ax,225p. ;bPBc21 cm aGeneral Management aFormations of faith aPoets and texts aContemporary contours